|
|
|
|
| LEADER |
00000ckm a2200000 a 4500 |
| 001 |
vtls001396727 |
| 003 |
SK-MaSNL |
| 005 |
20260331204334.0 |
| 007 |
kf co |
| 008 |
230706s1982 xo g 0kuslo |
| 015 |
|
|
|a SNBG2002/03-01420
|
| 035 |
|
|
|a SNK000351115
|
| 035 |
|
|
|a urn:nbn:sk:snk-km45v36
|
| 035 |
|
|
|a 0E48260F-915E-4B93-8DA3-AE7DDD03651D
|
| 035 |
|
|
|a urn:nbn:sk:snk-km00fb9d
|
| 040 |
|
|
|a SNK
|b slo
|c SNK
|e AACR2
|
| 041 |
0 |
|
|a slo
|
| 043 |
|
|
|a e-xo---
|
| 044 |
|
|
|a xo
|c SK
|
| 072 |
|
7 |
|a 913
|x Regionálna geografia
|2 konspekt
|
| 080 |
|
|
|a 792.05
|2 2011
|
| 080 |
|
|
|a 913(437.6)
|2 2011
|
| 080 |
|
|
|a 728.222
|2 2011
|
| 080 |
|
|
|a 726:27-523.41
|2 2011
|
| 080 |
|
|
|a 725.962
|2 2011
|
| 080 |
|
|
|a 725/726.012.28
|2 2011
|
| 080 |
|
|
|a 725.1:339.372.2
|2 2011
|
| 080 |
|
|
|a 711.61
|2 2011
|
| 080 |
|
|
|a 640.43
|2 2011
|
| 080 |
|
|
|a (084.121)
|2 2011
|
| 080 |
|
|
|a 913.437.658(084.121)
|2 1981
|
| 100 |
1 |
|
|a Marková, Margita
|c (fotografka)
|4 pht
|9 284542
|
| 245 |
1 |
0 |
|a Žilina
|h grafika
|c foto Margita Marková, Elena Lorencová, František Lorenc
|
| 246 |
1 |
|
|i Názov na obrazovej časti:
|a Žilina
|
| 260 |
|
|
|a Bratislava
|b Pravda
|c 1982
|e [Bratislava]
|f TZP-B
|
| 300 |
|
|
|a 1 pohľadnica (4 čiastkové pohľady)
|a 15 x 11 cm
|
| 500 |
|
|
|a Na adresnej časti uvedené: "Žilina - priemyselné a kultúrne stredisko severozáp. Slovenska. Dosiaľ najstaršia zmienka pochádza z r. 1208, mestom od r. 1312"
|
| 520 |
8 |
|
|a Zobrazenie: Štyri čiastkové pohľady, každý v bielom orámovaní, všetky spolu v striebornom orámovaní, uprostred vodorovne bielym písmom názov. Pohľad na reštauráciu, vľavo za ulicou v popredí. V pozadí vidno poschodový široký bytový dom. Pohľad na bytové domy v časti mesta Bulvár, v popredí vidno trávnatú plochu. Pohľad na kvetinový záhon vpraov v popredí na Námestí Andreja Hlinku. V pozadí vidno za balustrádami Katedrálu Najsvätejšej Trojice, vľavo s Burianovou vežou. Vľavo od nich je Mestské divadlo. Pohľad na parkovisko pred obchdným domom Prior. Vľavo je rad meštianskych budov
|
| 600 |
1 |
7 |
|a Hlinka, Andrej,
|d 1864-1938
|2 SNKMA
|9 103031
|
| 610 |
2 |
7 |
|a Mestské divadlo Žilina
|2 SNKKA
|9 31960
|
| 610 |
2 |
7 |
|a Katedrála Najsvätejšej Trojice (Žilina, Slovensko)
|2 SNKKA
|9 198612
|
| 650 |
0 |
7 |
|a reštaurácie
|2 SNKPH
|9 23080
|
| 650 |
0 |
7 |
|a bytové domy
|2 SNKPH
|9 31781
|
| 650 |
0 |
7 |
|a námestia
|2 SNKPH
|9 26291
|
| 650 |
0 |
7 |
|a balustrády
|2 SNKPH
|9 197792
|
| 650 |
0 |
7 |
|a katedrály
|2 SNKPH
|9 3032
|
| 650 |
0 |
7 |
|a divadlá
|2 SNKPH
|9 29113
|
| 650 |
0 |
7 |
|a veže
|2 SNKPH
|9 30797
|
| 650 |
0 |
7 |
|a obchodné domy
|2 SNKPH
|9 3005
|
| 650 |
0 |
7 |
|a Burianova veža (Žilina, Slovensko)
|2 SNKPH
|9 157561
|
| 651 |
|
7 |
|a Žilina (Slovensko)
|2 SNKPHgeo
|9 28812
|
| 651 |
|
7 |
|a Námestie Andreja Hlinku (Žilina, Slovensko)
|2 SNKPHgeo)
|9 194216
|
| 655 |
|
7 |
|a miestne pohľadnice
|2 SNKPH
|9 70510
|
| 700 |
1 |
|
|a Lorencová, Elena
|c (fotografka)
|4 pht
|9 283290
|
| 700 |
1 |
|
|a Lorenc, František
|c (fotograf)
|4 pht
|9 177742
|
| 852 |
|
|
|a Slovenská národná knižnica
|
| 958 |
|
|
|a GBN
|
| 958 |
|
|
|a GC
|
| 958 |
|
|
|a OND
|
| 999 |
|
|
|c 810675
|d 812605
|
| 952 |
|
|
|t P60, <03>, [BOOK], {603}
|a SNK
|b SNK
|y PREZ
|7 0
|p 17A1281192
|o snkSP 149667
|i snkPV 1032/2000
|0 0
|1 0
|4 0
|d 2000-09-22
|f 1
|l 0
|r 2005-01-02 00:00:00
|w 2026-02-24
|